Kabale University Library Catalogue

Capitalism, socialism, and democracy revisited / (Record no. 6012)

MARC details
000 -LEADER
fixed length control field 01146pam a2200301 a 4500
005 - DATE AND TIME OF LATEST TRANSACTION
control field 20260205114021.0
008 - FIXED-LENGTH DATA ELEMENTS--GENERAL INFORMATION
fixed length control field 930416s1993 mdu b 001 0 eng
020 ## - INTERNATIONAL STANDARD BOOK NUMBER
International Standard Book Number 0801847478
Qualifying information pbk. : alk. paper
020 ## - INTERNATIONAL STANDARD BOOK NUMBER
International Standard Book Number 080184746X
Qualifying information alk. paper
020 ## - INTERNATIONAL STANDARD BOOK NUMBER
International Standard Book Number 9780801847479
Qualifying information (pbk. : alk. paper)
040 ## - CATALOGING SOURCE
Original cataloging agency KABLIB
Transcribing agency KABLIB
Description conventions rda
082 00 - DEWEY DECIMAL CLASSIFICATION NUMBER
Classification number 320.3
Edition number 23
Item number CAP
245 00 - TITLE STATEMENT
Title Capitalism, socialism, and democracy revisited /
Statement of responsibility, etc. edited by Larry Diamond and Marc F. Plattner.
260 ## - PUBLICATION, DISTRIBUTION, ETC.
Place of publication, distribution, etc. Baltimore, Md. :
Name of publisher, distributor, etc. The Johns Hopkins University Press,
Date of publication, distribution, etc. c1993
300 ## - PHYSICAL DESCRIPTION
Extent xii, 137 p. ;
Dimensions 23 cm.
440 #2 - SERIES STATEMENT/ADDED ENTRY--TITLE
Title A Journal of democracy book
9 (RLIN) 15182
504 ## - BIBLIOGRAPHY, ETC. NOTE
Bibliography, etc. note Includes bibliographical references, index.
650 #0 - SUBJECT ADDED ENTRY--TOPICAL TERM
Topical term or geographic name entry element Democracy.
650 #0 - SUBJECT ADDED ENTRY--TOPICAL TERM
Topical term or geographic name entry element Capitalism.
650 #0 - SUBJECT ADDED ENTRY--TOPICAL TERM
Topical term or geographic name entry element Socialism.
9 (RLIN) 15183
650 #0 - SUBJECT ADDED ENTRY--TOPICAL TERM
Topical term or geographic name entry element Comparative government.
9 (RLIN) 10142
650 #0 - SUBJECT ADDED ENTRY--TOPICAL TERM
Topical term or geographic name entry element Comparative economics.
9 (RLIN) 11887
700 1# - ADDED ENTRY--PERSONAL NAME
Personal name Diamond, Larry Jay.
9 (RLIN) 15184
700 1# - ADDED ENTRY--PERSONAL NAME
Personal name Plattner, Marc F.,
Dates associated with a name 1945-
9 (RLIN) 15185
730 02 - ADDED ENTRY--UNIFORM TITLE
Uniform title Journal of democracy.
Date of a work July 1992 and April 1993.
9 (RLIN) 15186
856 42 - ELECTRONIC LOCATION AND ACCESS
Materials specified Publisher description
Uniform Resource Identifier <a href="http://www.loc.gov/catdir/description/jhu051/93004362.html">http://www.loc.gov/catdir/description/jhu051/93004362.html</a>
942 ## - ADDED ENTRY ELEMENTS (KOHA)
Source of classification or shelving scheme Dewey Decimal Classification
Koha item type Book
Holdings
Withdrawn status Lost status Source of classification or shelving scheme Damaged status Not for loan Home library Current library Shelving location Date acquired Source of acquisition Total Checkouts Full call number Barcode Date last seen Price effective from Koha item type
    Dewey Decimal Classification     Mukombe Library Mukombe Library Open Access Section 05.02.2026 Donation   320.3 CAP 14493 05.02.2026 05.02.2026 Book

Kabale University Library | Kabale University P.O Box 317, Kabale, Uganda
Tel : +256754017033, +256774661503 E-mail : library@kab.ac.ug